LEADER 00958nam0-22003011i-450- 001 990000074610403321 035 $a000007461 035 $aFED01000007461 035 $a(Aleph)000007461FED01 035 $a000007461 100 $a20011111d--------km-y0itay50------ba 101 0 $aita 105 $ay-------001yy 200 1 $aProceedings of the third international congress on high-speed photography, London, 10-15 September, 1956$fedited by R. B.Collins. 210 $aLondon$cButterworths scientific publications$d1957 215 $aXVI, 417 p.$cill.$d25 cm 610 0 $aFotografia$aCongressi$a1956 610 0 $aCongressi$aLondra$a1956 676 $a778.7 702 1$aCollins,$bR. B. 710 12$aINTERNATIONAL CONGRESS ON HIGH-SPEED PHOTOGRAPHY, 3., Londra, 1956 801 0$aIT$bUNINA$gRICA$2UNIMARC 901 $aBK 912 $a990000074610403321 952 $a13 G 23 12$b23023$fFINBC 959 $aFINBC 997 $aUNINA DB $aING01 LEADER 03117nam 22007335 450 001 9910698653303321 005 20251225205548.0 010 $a9783031306174 010 $a3031306171 024 7 $a10.1007/978-3-031-30617-4 035 $a(CKB)5710000000116587 035 $a(DE-He213)978-3-031-30617-4 035 $a(MiAaPQ)EBC7238832 035 $a(Au-PeEL)EBL7238832 035 $a(PPN)26965528X 035 $a(MiAaPQ)EBC7237347 035 $a(EXLCZ)995710000000116587 100 $a20230414d2023 u| 0 101 0 $aeng 135 $aurnn#008mamaa 181 $ctxt$2rdacontent 182 $cc$2rdamedia 183 $acr$2rdacarrier 200 10$aAdvances in Cryptology ? EUROCRYPT 2023 $e42nd Annual International Conference on the Theory and Applications of Cryptographic Techniques, Lyon, France, April 23?27, 2023, Proceedings, Part II /$fedited by Carmit Hazay, Martijn Stam 205 $a1st ed. 2023. 210 1$aCham :$cSpringer Nature Switzerland :$cImprint: Springer,$d2023. 215 $a1 online resource (XVI, 628 p. 73 illus., 13 illus. in color.) 225 1 $aLecture Notes in Computer Science,$x1611-3349 ;$v14005 311 08$a9783031306167 311 08$a3031306163 320 $aIncludes bibliographical references and index. 330 $aThis five-volume set, LNCS 14004 - 14008 constitutes the refereed proceedings of the 42nd Annual International Conference on Theory and Applications of Cryptographic Techniques, Eurocrypt 2023, which was held in Lyon, France, in April 2023. The total of 109 full papers presented were carefully selected from 415 submissions. They are organized in topical sections as follows: Theoretical Foundations; Public Key Primitives with Advanced Functionalities; Classic Public Key Cryptography; Secure and Efficient Implementation, Cryptographic Engineering, and Real-World Cryptography; Symmetric Cryptology; and finally Multi-Party Computation and Zero-Knowledge. 410 0$aLecture Notes in Computer Science,$x1611-3349 ;$v14005 606 $aCryptography 606 $aData encryption (Computer science) 606 $aApplication software 606 $aData protection 606 $aComputer networks 606 $aCryptology 606 $aComputer and Information Systems Applications 606 $aData and Information Security 606 $aSecurity Services 606 $aComputer Networks 615 0$aCryptography. 615 0$aData encryption (Computer science) 615 0$aApplication software. 615 0$aData protection. 615 0$aComputer networks. 615 14$aCryptology. 615 24$aComputer and Information Systems Applications. 615 24$aData and Information Security. 615 24$aSecurity Services. 615 24$aComputer Networks. 676 $a929.605 676 $a005.82 702 $aHazay$b Carmit 702 $aStam$b Martijn 801 0$bMiAaPQ 801 1$bMiAaPQ 801 2$bMiAaPQ 906 $aBOOK 912 $a9910698653303321 996 $aAdvances in Cryptology ? EUROCRYPT 2023$93106962 997 $aUNINA